<?xml version="1.0" encoding="UTF-8"?>
<record
    xmlns:xsi="http://www.w3.org/2001/XMLSchema-instance"
    xsi:schemaLocation="http://www.loc.gov/MARC21/slim http://www.loc.gov/standards/marcxml/schema/MARC21slim.xsd"
    xmlns="http://www.loc.gov/MARC21/slim">

  <leader>03111cam a2200373Ii 4500</leader>
  <controlfield tag="001">om986414064</controlfield>
  <controlfield tag="003">EG-ScBUE</controlfield>
  <controlfield tag="005">20260216103942.0</controlfield>
  <controlfield tag="008">210324s2020    ua abe f      001 0 eng d</controlfield>
  <datafield tag="020" ind1=" " ind2=" ">
    <subfield code="a">9789774169823</subfield>
  </datafield>
  <datafield tag="040" ind1=" " ind2=" ">
    <subfield code="a">MEAUC</subfield>
    <subfield code="b">eng</subfield>
    <subfield code="e">rda</subfield>
    <subfield code="c">MEAUC</subfield>
    <subfield code="d">OCLCO</subfield>
    <subfield code="d">YDX</subfield>
    <subfield code="d">BDX</subfield>
    <subfield code="d">NZAUC</subfield>
    <subfield code="d">OCLCF</subfield>
    <subfield code="d">YUS</subfield>
    <subfield code="d">UBC</subfield>
    <subfield code="d">EG-ScBUE</subfield>
  </datafield>
  <datafield tag="043" ind1=" " ind2=" ">
    <subfield code="a">f-ua---</subfield>
  </datafield>
  <datafield tag="082" ind1="0" ind2="4">
    <subfield code="a">932.014</subfield>
    <subfield code="2">22</subfield>
    <subfield code="b">AMA</subfield>
  </datafield>
  <datafield tag="245" ind1="0" ind2="0">
    <subfield code="a">Amarna :</subfield>
    <subfield code="b">a guide to the ancient city of Akhetaten /</subfield>
    <subfield code="c">edited by Anna Stevens.</subfield>
  </datafield>
  <datafield tag="246" ind1="3" ind2="0">
    <subfield code="a">Guide to the ancient city of Akhetaten</subfield>
  </datafield>
  <datafield tag="264" ind1=" " ind2="1">
    <subfield code="a">Cairo :</subfield>
    <subfield code="b">The American University in Cairo Press,</subfield>
    <subfield code="c">2020.</subfield>
  </datafield>
  <datafield tag="300" ind1=" " ind2=" ">
    <subfield code="a">viii, 191 pages :</subfield>
    <subfield code="b">illustrations (some color), maps,plans (some color) ;</subfield>
    <subfield code="c">25 cm</subfield>
  </datafield>
  <datafield tag="336" ind1=" " ind2=" ">
    <subfield code="a">text</subfield>
    <subfield code="b">txt</subfield>
    <subfield code="2">rdacontent</subfield>
  </datafield>
  <datafield tag="337" ind1=" " ind2=" ">
    <subfield code="a">unmediated</subfield>
    <subfield code="b">n</subfield>
    <subfield code="2">rdamedia</subfield>
  </datafield>
  <datafield tag="338" ind1=" " ind2=" ">
    <subfield code="a">volume</subfield>
    <subfield code="b">nc</subfield>
    <subfield code="2">rdacarrier</subfield>
  </datafield>
  <datafield tag="500" ind1=" " ind2=" ">
    <subfield code="a">Includes index.
</subfield>
  </datafield>
  <datafield tag="505" ind1="0" ind2=" ">
    <subfield code="a">Introduction -- Chronology -- Setting the scene -- Visiting Amarna -- North City and palaces -- Eastern cliffs and desert -- Central city -- Southern city and temples.</subfield>
  </datafield>
  <datafield tag="520" ind1=" " ind2=" ">
    <subfield code="a">An illustrated cultural guide to the archaeological site of Amarna, the best-preserved pharaonic city in Egypt. Around three thousand years ago, the pharaoh Akhenaten turned his back on Amun, and most of the great gods of Egypt. Abandoning Thebes, he quickly built a grand new city in Middle Egypt, Akhetaten--Horizon of the Aten--devoted exclusively to the sun god Aten. Huge open-air temples served the cult of Aten, while palaces were decorated with painted pavements and inlaid wall reliefs. Akhenaten created a new royal burial ground deep in a desert valley, and his officials built elaborate tombs decorated with scenes of the king and his city. As thousands of people moved to Akhetaten, it became the most important city in Egypt. But it was not to last. Akhenaten's death brought the abandonment of his city and an end to one of the most startling episodes in Egyptian history. Today, Akhetaten is known as Amarna, a sprawling archaeological site in the province of Minya, halfway between Cairo and Luxor. With its beautifully decorated tombs and vast mud-brick ruins, it is the best-preserved pharaonic city in Egypt. This informed and richly illustrated guidebook brings the ancient city of Akhetaten alive with a keen insider's eye, drawing on ongoing archaeological research and the knowledge and insight of Amarna's modern-day communities and caretakers to explain key monuments and events, while offering invaluable practical advice for visiting the site. With over 150 illustrations, maps, and plans, Amarna is both an ideal introduction for visitors to Amarna and a window onto the extraordinary reign of Akhenaten.</subfield>
  </datafield>
  <datafield tag="600" ind1="0" ind2="7">
    <subfield code="a">Akhenaton,</subfield>
    <subfield code="c">King of Egypt</subfield>
    <subfield code="x">History.</subfield>
    <subfield code="2">BUEsh</subfield>
  </datafield>
  <datafield tag="650" ind1=" " ind2="7">
    <subfield code="a">Tombs</subfield>
    <subfield code="z">Egypt</subfield>
    <subfield code="z">Tell el-Amarna.</subfield>
    <subfield code="2">BUEsh</subfield>
  </datafield>
  <datafield tag="650" ind1=" " ind2="7">
    <subfield code="a">Excavations (Archaeology)</subfield>
    <subfield code="z">Egypt</subfield>
    <subfield code="z">Tell el-Amarna.</subfield>
    <subfield code="2">BUEsh</subfield>
  </datafield>
  <datafield tag="651" ind1=" " ind2="7">
    <subfield code="a">Tell el-Amarna (Egypt)</subfield>
    <subfield code="x">Antiquities.</subfield>
    <subfield code="2">BUEsh</subfield>
  </datafield>
  <datafield tag="651" ind1=" " ind2="7">
    <subfield code="a">Egypt</subfield>
    <subfield code="x">Antiquities.</subfield>
    <subfield code="2">BUEsh</subfield>
  </datafield>
  <datafield tag="653" ind1=" " ind2=" ">
    <subfield code="c">February2026</subfield>
    <subfield code="b">GGEN</subfield>
  </datafield>
  <datafield tag="655" ind1=" " ind2=" ">
    <subfield code="v">Reading book</subfield>
  </datafield>
  <datafield tag="700" ind1="1" ind2=" ">
    <subfield code="a">Stevens, Anna,</subfield>
    <subfield code="e">editor.</subfield>
  </datafield>
  <datafield tag="942" ind1=" " ind2=" ">
    <subfield code="2">ddc</subfield>
    <subfield code="c">BB</subfield>
  </datafield>
  <datafield tag="999" ind1=" " ind2=" ">
    <subfield code="c">31139</subfield>
    <subfield code="d">31110</subfield>
  </datafield>
  <datafield tag="952" ind1=" " ind2=" ">
    <subfield code="0">0</subfield>
    <subfield code="1">0</subfield>
    <subfield code="2">ddc</subfield>
    <subfield code="4">0</subfield>
    <subfield code="7">0</subfield>
    <subfield code="8">AUC</subfield>
    <subfield code="a">MAIN</subfield>
    <subfield code="b">MAIN</subfield>
    <subfield code="c">2ND</subfield>
    <subfield code="d">2026-02-16</subfield>
    <subfield code="e">Purchase</subfield>
    <subfield code="g">920.00</subfield>
    <subfield code="l">0</subfield>
    <subfield code="o">932.014 AMA</subfield>
    <subfield code="p">000057547</subfield>
    <subfield code="r">2026-02-16 00:00:00</subfield>
    <subfield code="v">1150.00</subfield>
    <subfield code="w">2026-02-16</subfield>
    <subfield code="y">BB</subfield>
  </datafield>
</record>
